000 00577nam a2200229Ia 4500
003 OSt
005 20220928142842.0
006 a|||||r|||| 00| 0
007 ta
008 220927b |||||||| |||| 00| 0 eng d
024 _a20133
037 _cTextual
040 _aSDCL
_cSDCL
_beng
041 _2eng
_aeng
082 _aB6, L0
100 _aBlumenthal Leonard M
_9503898
245 0 _aStudies in geometry.
260 _c1970
700 _a Menger Karl
_9503899
942 _hB6, L0
_cTEXL
_2CC
999 _c822270
_d822270